Журнал Русскаго физико-химическаго общества
| Novo título: | Журнал Русского физико-химического общества Журнал экспериментальной и теоретической физики Журнал общей химии |
|---|---|
| Título anterior: | Журнал русскаго химическаго общества Журнал Русскаго химическаго общества и физическаго общества |
| Autor Corporativo: | |
| Idioma: | ruso |
| Publicado: |
Петроград, Типография Э. Ф. Меке, 1879-1917
|
| Subjects: | |
| Formato: | Seriadas |
| KOHA link: | https://koha.lib.tpu.ru/cgi-bin/koha/opac-detail.pl?biblionumber=380089 |
MARC
| LEADER | 00000nas1a2200000 4500 | ||
|---|---|---|---|
| 001 | 380089 | ||
| 005 | 20231101062639.0 | ||
| 035 | |a (RuTPU)RU\TPU\prd\695 | ||
| 035 | |a BOOK00000696 | ||
| 090 | |a 380089 | ||
| 100 | |a 20011210a18691917k y0rusy50 ca | ||
| 101 | 0 | |a rus | |
| 102 | |a RU | ||
| 110 | |a ayaz|||0uu0 | ||
| 200 | 1 | |a Журнал Русскаго физико-химическаго общества |f Государственный Петроградский Университет | |
| 210 | |a Петроград |c Типография Э. Ф. Меке |d 1879-1917 | ||
| 305 | |a Издается с 1869 г. | ||
| 430 | 1 | |0 (RuTPU)RU\TPU\prd\168 |t Журнал русскаго химическаго общества |c СПб. |n Типография В. Демакова |d 1869-1872 | |
| 430 | 1 | |0 (RuTPU)RU\TPU\prd\694 |t Журнал Русскаго химическаго общества и физическаго общества |f Императорский Санкт-Петербургский Университет |c СПб. |n Типография В. Демакова |d 1873-1878 | |
| 440 | 1 | |0 (RuTPU)RU\TPU\prd\1301 |x 0044-4510 |t Журнал Русского физико-химического общества |f Ленинградский Университет |c Л. |n Государственное изд-во |d 1919-1931 | |
| 440 | 1 | |0 (RuTPU)RU\TPU\prd\1443 |x 0044-460X |t Журнал экспериментальной и теоретической физики |l ЖЭТФ |f Российская академия наук (РАН) ; Отделение физических наук РАН |c М. |n Наука |d 1931- | |
| 440 | 1 | |0 (RuTPU)RU\TPU\prd\161 |t Журнал общей химии |f Российская академия наук (РАН) ; Отделение химии и наук о материалах РАН |c СПб. |n Наука |d 1931- | |
| 610 | 1 | |a химия | |
| 610 | 1 | |a химическая физика | |
| 610 | 1 | |a физика | |
| 610 | 1 | |a химическое общество | |
| 610 | 1 | |a физическое общество | |
| 712 | 0 | 2 | |a Государственный Петроградский Университет |
| 801 | 0 | |a RU |b 63413507 |c 20011210 |g PSBO | |
| 801 | 2 | |a RU |b 63413507 |c 20141007 |g PSBO | |
| 942 | |c CR | ||